Loading...

Buddhist Phenomenology,culture and society

Bibliographic Details
Other Authors: Archana Malik-Goure,Ed
Format: Printed Book
Published: Ajmer NavVishnu 2019
Subjects:
LEADER 00481nam a22001457a 4500
020 |a 9788193330777 
082 |a 294.3  |b BUD 
245 |a Buddhist Phenomenology,culture and society  
260 |a Ajmer   |b NavVishnu  |c 2019 
300 |a 277p. 
650 |a Buddhism  |a Buddhist philosophy 
700 |a Archana Malik-Goure,Ed. 
942 |c BK 
999 |c 59843  |d 59843 
952 |0 0  |1 0  |4 0  |6 294_300000000000000_BUD  |7 0  |9 66991  |a KUCL  |c Stack  |d 2020-11-17  |g 1000.00  |l 0  |o 294.3 BUD  |p 50689  |r 2020-11-17  |w 2020-11-17  |y BK